| 000 | 00504nam a22001937a 4500 | ||
|---|---|---|---|
| 003 | OSt | ||
| 005 | 20220107122737.0 | ||
| 008 | 140419b xxu||||| |||| 00| 0 eng d | ||
| 020 | _a9788120339378 | ||
| 040 | _cIIITM-K | ||
| 082 | _a381.142 RAJ/E | ||
| 100 |
_aRajaraman, V _94217 |
||
| 245 |
_aEssentials of e-commerce technology _cby V.Rajaraman |
||
| 260 |
_aNew Delhi, _bPHI Learning, _c2010. |
||
| 300 | _axiii, 246p. | ||
| 650 |
_aECONOMICS _94218 |
||
| 650 |
_aE-COMMERCE _94219 |
||
| 942 |
_2ddc _cBK |
||
| 999 |
_c3872 _d3872 |
||